• 首页
  • 本馆介绍
  • 公告通知
  • 最新文献
  • 馆藏检索
  • 电子资源
  • 读者荐购
  • 参考咨询
  • CALIS
  • 我的图书馆
  • 登录
  • 详细信息显示
  • 放入我的书架
  • 预约/预借图书
  • 作者相关作品
  • 分类相关作品
  • 丛书相关作品
  • 出版社相关作品

书目信息

  • 表格格式
  • 工作单格式
  • 卡片格式
题名:
感悟人生的格言
    
 
作者: 顾鸿翔 , 范锦华 编
分册:  
出版信息: 长春   吉林人民出版社  2011.01
页数: 204页
开本: 23cm
丛书名: 青少年探索文库
单 册:
中图分类: B821
科图分类:
主题词: 人生哲学--格言--汇编 , 格言 , 人生哲学
电子资源:
ISBN: 978-7-206-07089-1
 
 
 
 
 
000 00928nam 22003011 450
001 005343772
005 20110302182015.07
010    @a978-7-206-07089-1@dCNY25.80
049    @aA220000JLP@bUCS01004842272
096    @aH03@bghx
100    @a20110812d2011 em y0chiy50 ea
101 0  @achi
102    @aCN@b220000
105    @ay z 000yy
200 1  @a感悟人生的格言@9gan wu ren sheng de ge yan@f顾鸿翔,范锦华编
210    @a长春@c吉林人民出版社@d2011.01
215    @a204页@d23cm
225 2  @a青少年探索文库
330    @a本书收录了数千句有关人生哲理的名言名句,全书共分八个部分,内容包括:“一得之见”、“晨光短笛”、“心香一瓣”等。
410  0 @12001 @a青少年探索文库
606 0  @a人生哲学@x格言@j汇编
606 0  @a格言
606 0  @a人生哲学
690    @aB821@v4
701  0 @a顾鸿翔@9gu hong xiang@4编
701  0 @a范锦华@9fan jin hua@4编
801  0 @aCN@bJL@c20110302
905    @aZUCC@dB821@eG4902@f3
    
    感悟人生的格言/顾鸿翔,范锦华编.-长春:吉林人民出版社,2011.01
    204页;23cm.-(青少年探索文库)
    
    
    ISBN 978-7-206-07089-1:CNY25.80
    本书收录了数千句有关人生哲理的名言名句,全书共分八个部分,内容包括:“一得之见”、“晨光短笛”、“心香一瓣”等。
●
相关链接 在E读中查询图书 在当当中查询图书 在豆瓣中查询图书


正题名:感悟人生的格言     索取号:B821/G4902         预约/预借

序号 登录号 条形码 馆藏地/架位号 状态 备注
1 1192690   211926905   社科库509/509社科库 22排1列2层/ [索取号:B821/G4902] 在馆    
2 1192691   211926914   社科库509/509社科库 22排1列2层/ [索取号:B821/G4902] 在馆    
3 1192692   211926923   社科库509/509社科库 22排1列2层/ [索取号:B821/G4902] 在馆    
河南城建学院图书馆 欢迎您!
大连网信软件有限公司© 版权所有